000 00574nam a2200229Ia 4500
003 OSt
005 20220924135343.0
006 a|||||r|||| 00| 0
007 ta
008 220923b |||||||| |||| 00| 0 ben d
024 _a290679
037 _cTextual
040 _aARTS
_cARTS
_bben
041 _2ben
_aben
082 _aO142,3L99,1, 157J4
100 _aPushkin
_9210151
245 0 _aCaplainer Meya
260 _c1954
650 _aRUSSIAN LITERATURE
_915056
942 _hO142,3L99,1, 157J4
_cTEXL
_2CC
999 _c440386
_d440386